000 00399nam a2200157Ia 4500
008 230312s9999||||xx |||||||||||||| ||und||
020 _a0-500-28087-8
082 _a724.6095
_bDAV-L
100 _aDavidson;Cynthia.C
245 0 _aLagacies for the Future
260 _bThames & Hudson
_aUK
_c1998
300 _a175
546 _aEng.
650 _aArchitecture
_vLagacies for the Future
942 _cBK
999 _c8275
_d8275